000
00338nam a2200133Ia 4500
008
240624s9999 xx 000 0 und d
041
_a
eng
082
_a
823 DAS
100
_a
MUKUND KANAKLATHA
245
_a
MERCHANTS OF TAMILAKAM PIONEERS OF INTER
260
_c
2012
_a
New Delhi
_b
Penguin India
300
_a
240 : p.
365
_c
RS
_b
25
999
_c
19247
_d
19247